[Event "DVM U20 2024"]
[Site "Breisach am Rhein GER"]
[Date "2024.12.27"]
[Round "1"]
[White "Skembris, Simon Max"]
[Black "Garner, Isaac"]
[Result "1-0"]
[Termination "normal"]
[Board "1.1"]
[WhiteElo "2063"]
[BlackElo "2334"]
[WhiteTeam "SK Freiburg-Zähringen 1887"]
[BlackTeam "Hamburger SK 1830"]
[PlyCount "81"]
[WhiteFideId "16281381"]
[BlackFideId "16239261"]
[EventCountry "GER"]
[EventRounds "7"]
[EventType "team-swiss"]
[EventDate "2024.12.26"]

1. e4 c6 2. d4 d5 3. Nc3 dxe4 4. Nxe4 Nf6 5. Nxf6+ exf6 6. c3 Bd6 7. Bd3 O-O 8.
Qc2 Re8+ 9. Ne2 h5 10. O-O h4 11. h3 Nd7 12. Bf4 Nf8 13. Bxd6 Qxd6 14. Rfe1 Be6
15. c4 Re7 16. Qd2 Ng6 17. Bxg6 fxg6 18. Nf4 Bf7 19. Rxe7 Qxe7 20. b3 Re8 21.
Kf1 Qd6 22. Re1 Rd8 23. Ne2 b5 24. cxb5 cxb5 25. Qa5 a6 26. Rc1 Re8 27. Qc7 Qe6
28. Ng1 Qe4 29. Nf3 Qe2+ 30. Kg1 Qxa2 31. b4 g5 32. Qd7 Qe6 33. Qb7 Re7 34.
Qa8+ Kh7 35. Rc8 Qd6 36. Rh8+ Kg6 37. Qc8 Qe6 38. Qc5 Be8 39. Nxh4+ Kf7 40. Nf5
Rd7 41. h4 1-0

[Event "DVM U20 2024"]
[Site "Breisach am Rhein GER"]
[Date "2024.12.27"]
[Round "1"]
[White "Weihrauch, Jakob"]
[Black "Langner, Robin"]
[Result "1-0"]
[Termination "normal"]
[Board "1.2"]
[WhiteTitle "FM"]
[WhiteElo "2246"]
[BlackElo "2032"]
[WhiteTeam "Hamburger SK 1830"]
[BlackTeam "SK Freiburg-Zähringen 1887"]
[PlyCount "65"]
[WhiteFideId "16210115"]
[BlackFideId "34606190"]
[EventCountry "GER"]
[EventRounds "7"]
[EventType "team-swiss"]
[EventDate "2024.12.26"]

1. e4 c5 2. Nf3 d6 3. Bb5+ Nd7 4. c4 Nf6 5. Nc3 a6 6. Ba4 b5 7. cxb5 Nb6 8. Bc2
Qd7 9. bxa6 Bxa6 10. d3 g6 11. a4 d5 12. a5 Bb7 13. Bf4 Qg4 14. axb6 Qxf4 15.
Rxa8+ Bxa8 16. Qa1 Qb8 17. Qa4+ Nd7 18. Nb5 Kd8 19. Ng5 Nxb6 20. Nxf7+ Kd7 21.
Qa3 Rg8 22. Qxc5 Bg7 23. Nc3 Rc8 24. Qb5+ Bc6 25. Qb4 h6 26. exd5 Bxd5 27. Nxd5
Nxd5 28. Ba4+ Ke6 29. Qe4+ Kxf7 30. Qxd5+ Kf8 31. O-O Qxb2 32. Bb3 Ke8 33. Qg8+
1-0

[Event "DVM U20 2024"]
[Site "Breisach am Rhein GER"]
[Date "2024.12.27"]
[Round "1"]
[White "Lauterbach, Kolja"]
[Black "Avdic, Faris"]
[Result "0-1"]
[Termination "normal"]
[Board "1.3"]
[WhiteElo "1958"]
[BlackElo "2241"]
[WhiteTeam "SK Freiburg-Zähringen 1887"]
[BlackTeam "Hamburger SK 1830"]
[PlyCount "104"]
[WhiteFideId "16235916"]
[BlackFideId "14422328"]
[EventCountry "GER"]
[EventRounds "7"]
[EventType "team-swiss"]
[EventDate "2024.12.26"]

1. e4 c5 2. d3 Nc6 3. Be2 e6 4. f4 d5 5. Nf3 Bd6 6. O-O Nge7 7. c3 O-O 8. Na3
a6 9. Be3 f6 10. Nc2 Qc7 11. Qd2 b6 12. b4 Rd8 13. Qc1 e5 14. f5 d4 15. bxc5
bxc5 16. cxd4 exd4 17. Bd2 Ne5 18. Nce1 N7c6 19. Bd1 a5 20. Bb3+ Kh8 21. Qd1
Bd7 22. Nxe5 Nxe5 23. Qh5 Be8 24. Qh4 Bf7 25. Bxf7 Qxf7 26. Bf4 Rdb8 27. Bxe5
Bxe5 28. Rf2 c4 29. dxc4 d3 30. Rc1 Bd4 31. Nxd3 Rc8 32. e5 Rxc4 33. e6 Rxc1+
34. Nxc1 Qa7 35. Kf1 Bxf2 36. Qxf2 Qxf2+ 37. Kxf2 Kg8 38. Nb3 Kf8 39. Ke3 Ke7
40. Ke4 a4 41. Nd4 Kd6 42. g4 Rb8 43. h4 Rb1 44. h5 Rg1 45. Kf4 h6 46. Nb5+ Kc6
47. Nd4+ Kd6 48. Nb5+ Ke7 49. Nc3 Rc1 50. Nd5+ Kd6 51. e7 Kd7 52. Ke3 a3 0-1

[Event "DVM U20 2024"]
[Site "Breisach am Rhein GER"]
[Date "2024.12.27"]
[Round "1"]
[White "Fuhrmann, Bahne"]
[Black "Ciuloi, Victor Stefan"]
[Result "1-0"]
[Termination "normal"]
[Board "1.4"]
[WhiteElo "2233"]
[BlackElo "1941"]
[WhiteTeam "Hamburger SK 1830"]
[BlackTeam "SK Freiburg-Zähringen 1887"]
[PlyCount "85"]
[WhiteFideId "16244842"]
[BlackFideId "16242262"]
[EventCountry "GER"]
[EventRounds "7"]
[EventType "team-swiss"]
[EventDate "2024.12.26"]

1. e4 c6 2. Nf3 d5 3. d3 dxe4 4. dxe4 Qxd1+ 5. Kxd1 Nf6 6. Nbd2 g6 7. Ne5 Bg7
8. Bc4 O-O 9. Nd3 b5 10. Bb3 Nbd7 11. a4 e6 12. f3 Bb7 13. c4 bxc4 14. Nxc4 Ba6
15. Be3 Rfd8 16. Kc2 Bxc4 17. Bxc4 c5 18. a5 Ne8 19. Bb5 c4 20. Bxc4 Rdc8 21.
Ra4 Nd6 22. b3 a6 23. Kd2 Nb5 24. Rc1 Rd8 25. f4 Nf6 26. e5 Ne4+ 27. Ke1 Nbc3
28. Ra3 Nd5 29. Bxd5 exd5 30. Bb6 Re8 31. Rc7 f6 32. Bd4 Rab8 33. b4 g5 34. g3
fxe5 35. Bxe5 Bxe5 36. fxe5 Nd6 37. Rd7 Nc4 38. Rxd5 Rb5 39. Rxb5 axb5 40. a6
Nxe5 41. Nxe5 Rxe5+ 42. Kd2 Re8 43. a7 1-0

[Event "DVM U20 2024"]
[Site "Breisach am Rhein GER"]
[Date "2024.12.27"]
[Round "1"]
[White "Miller, Konstantin"]
[Black "Kort, Felix"]
[Result "1/2-1/2"]
[Termination "normal"]
[Board "1.5"]
[WhiteElo "1929"]
[BlackElo "2047"]
[WhiteTeam "SK Freiburg-Zähringen 1887"]
[BlackTeam "Hamburger SK 1830"]
[PlyCount "136"]
[WhiteFideId "34628380"]
[BlackFideId "16220129"]
[EventCountry "GER"]
[EventRounds "7"]
[EventType "team-swiss"]
[EventDate "2024.12.26"]

1. e4 e5 2. Nf3 Nc6 3. Bc4 Bc5 4. c3 Nf6 5. d4 exd4 6. O-O Nxe4 7. cxd4 d5 8.
dxc5 dxc4 9. Qe2 Qd3 10. Re1 f5 11. Nc3 O-O 12. Nxe4 fxe4 13. Qxe4 Bf5 14. Qxd3
Bxd3 15. Be3 b5 16. Nd4 Nxd4 17. Bxd4 Rfe8 18. Bc3 Kf7 19. Ba5 c6 20. f4 Be4
21. Rad1 Bd5 22. a3 h5 23. Rxe8 Rxe8 24. Re1 Re6 25. Kf2 Rg6 26. g3 h4 27. Rg1
hxg3+ 28. Rxg3 Rh6 29. h3 Rh4 30. Bc7 Be6 31. Kg2 Bd5+ 32. Kh2 Rh8 33. Be5 Rg8
34. Bc3 g6 35. Re3 Be6 36. Kg3 Rd8 37. h4 Rd5 38. Bb4 Rd1 39. Re1 Rd3+ 40. Kf2
Rh3 41. Bc3 Rxh4 42. Kg3 Rh3+ 43. Kg2 Rd3 44. Kf2 Rh3 45. Kg2 Rh5 46. Re5 Rh4
47. Kg3 Rg4+ 48. Kf3 Rg1 49. Kf2 Rh1 50. Kg2 Rc1 51. Re2 Bd5+ 52. Kf2 Rh1 53.
Ke3 Rh3+ 54. Kd2 Rf3 55. Be5 a5 56. Re3 Rf2+ 57. Re2 Rf1 58. Re1 c3+ 59. bxc3
Rxe1 60. Kxe1 Ke6 61. Ke2 Be4 62. Ke3 Kd5 63. Bc7 Bf5 64. Bxa5 Kxc5 65. Kd2 Kc4
66. Bb6 Kb3 67. Bc5 Kc4 68. Be7 c5 1/2-1/2

[Event "DVM U20 2024"]
[Site "Breisach am Rhein GER"]
[Date "2024.12.27"]
[Round "1"]
[White "Gallasch, Jonas"]
[Black "Kanzow, Alexander"]
[Result "1-0"]
[Termination "normal"]
[Board "2.1"]
[WhiteTitle "FM"]
[WhiteElo "2309"]
[BlackElo "1939"]
[WhiteTeam "SG Porz"]
[BlackTeam "KSV Rochade Göttingen (Veltheim)"]
[PlyCount "115"]
[WhiteFideId "16222474"]
[BlackFideId "16225414"]
[EventCountry "GER"]
[EventRounds "7"]
[EventType "team-swiss"]
[EventDate "2024.12.26"]

1. Nf3 Nf6 2. c4 g6 3. Nc3 Bg7 4. e4 c5 5. d4 cxd4 6. Nxd4 Nc6 7. Be3 Ng4 8.
Qxg4 Nxd4 9. Qd1 Nc6 10. Qd2 h5 11. Be2 d6 12. O-O Bd7 13. Rfc1 Ne5 14. h3 Bc6
15. b4 b6 16. Rab1 O-O 17. Bf1 Rc8 18. f3 Nd7 19. Qf2 f5 20. exf5 gxf5 21. Bg5
Qe8 22. Nd5 Bxd5 23. cxd5 Nf6 24. Rxc8 Qxc8 25. Rc1 Qd7 26. Qd2 Rc8 27. Ba6 Rc7
28. Rxc7 Qxc7 29. Qd3 b5 30. Bxb5 Qb7 31. Bc6 Qxb4 32. Qxf5 Nh7 33. Bf4 Bd4+
34. Kh2 Qe1 35. Qe6+ Qxe6 36. dxe6 Kg7 37. Kg3 Nf8 38. Bg5 Nxe6 39. Bxe7 Be5+
40. Kf2 Kf7 41. Bh4 Nf4 42. Kf1 Ke6 43. Bf2 d5 44. Bxa7 d4 45. Be4 h4 46. Bb6
Kd7 47. a4 d3 48. Be3 Kc8 49. Bxf4 Bxf4 50. Bxd3 Bc7 51. Ke2 Kd7 52. Ke3 Ke6
53. Ke4 Ba5 54. f4 Bc3 55. Bc4+ Kf6 56. f5 Kg5 57. Be2 Kf6 58. Bg4 1-0

[Event "DVM U20 2024"]
[Site "Breisach am Rhein GER"]
[Date "2024.12.27"]
[Round "1"]
[White "Mimkes, Antal"]
[Black "Gluma, Christian"]
[Result "0-1"]
[Termination "normal"]
[Board "2.2"]
[WhiteElo "2040"]
[BlackElo "2145"]
[WhiteTeam "KSV Rochade Göttingen (Veltheim)"]
[BlackTeam "SG Porz"]
[PlyCount "72"]
[WhiteFideId "16265963"]
[BlackFideId "16223209"]
[EventCountry "GER"]
[EventRounds "7"]
[EventType "team-swiss"]
[EventDate "2024.12.26"]

1. e4 c6 2. d4 d5 3. e5 g6 4. Nc3 Bg7 5. f4 Nh6 6. Nf3 Bg4 7. Be3 f6 8. h3 Bxf3
9. Qxf3 O-O 10. exf6 exf6 11. O-O-O Nd7 12. g4 f5 13. g5 Nf7 14. h4 Re8 15. h5
Qa5 16. Bd3 Nd6 17. Kb1 Nb6 18. hxg6 hxg6 19. Ne2 Nbc4 20. Bc1 b5 21. Rh7 Kf7
22. Rh4 Qb4 23. b3 Ne4 24. Bxe4 dxe4 25. Qc3 Qxc3 26. Nxc3 Nb6 27. Bb2 Rad8 28.
d5 b4 29. Ne2 Rxd5 30. Nd4 Red8 31. Rh7 R8d7 32. Rd2 Kg8 33. Rdh2 Bxd4 34. Rh8+
Bxh8 35. Rxh8+ Kf7 36. Rh7+ Ke6 0-1

[Event "DVM U20 2024"]
[Site "Breisach am Rhein GER"]
[Date "2024.12.27"]
[Round "1"]
[White "Tulchynsky, David"]
[Black "Sabirov, Rafael"]
[Result "0-1"]
[Termination "normal"]
[Board "2.4"]
[WhiteElo "1877"]
[BlackElo "2145"]
[WhiteTeam "KSV Rochade Göttingen (Veltheim)"]
[BlackTeam "SG Porz"]
[PlyCount "116"]
[WhiteFideId "16289560"]
[BlackFideId "16241185"]
[EventCountry "GER"]
[EventRounds "7"]
[EventType "team-swiss"]
[EventDate "2024.12.26"]

1. e4 c5 2. Nf3 e6 3. d3 Nc6 4. g3 d6 5. Nbd2 Nf6 6. Bg2 Be7 7. O-O O-O 8. Re1
Bd7 9. a4 Rc8 10. Nc4 d5 11. exd5 exd5 12. Nce5 Nxe5 13. Nxe5 Be6 14. c3 Nd7
15. Bf4 Nxe5 16. Bxe5 Qd7 17. Qb3 b6 18. Qb5 Rcd8 19. h4 Bd6 20. d4 Bxe5 21.
Rxe5 c4 22. Rae1 g6 23. Kh2 Kg7 24. Qxd7 Rxd7 25. g4 Rfd8 26. Kg3 Rd6 27. f4
Bc8 28. Re7 Bd7 29. R1e5 Kf8 30. Bf3 a5 31. Bd1 Re8 32. Rxe8+ Bxe8 33. f5 f6
34. Re3 gxf5 35. gxf5 Bf7 36. Kf4 Rd8 37. Re1 Re8 38. Rxe8+ Kxe8 39. b3 cxb3
40. Bxb3 Ke7 41. Ke3 Kd6 42. Kd3 Be8 43. c4 Bd7 44. cxd5 Bxf5+ 45. Kc4 Bd7 46.
Kd3 Be8 47. Ke4 Bf7 48. Kf5 Bxd5 49. Bc2 Ke7 50. Kg4 Bf7 51. Bd1 Bg6 52. h5 Bd3
53. h6 Kf7 54. Kh5 Ke6 55. Bb3+ Kf5 56. Bf7 Be2+ 57. Kh4 Bd1 58. Be8 Bb3 0-1

[Event "DVM U20 2024"]
[Site "Breisach am Rhein GER"]
[Date "2024.12.27"]
[Round "1"]
[White "Kruse, Victor"]
[Black "Schilling, Rumo"]
[Result "1-0"]
[Termination "normal"]
[Board "2.5"]
[WhiteElo "2043"]
[BlackElo "1665"]
[WhiteTeam "SG Porz"]
[BlackTeam "KSV Rochade Göttingen (Veltheim)"]
[PlyCount "99"]
[WhiteFideId "16256964"]
[BlackFideId "16283139"]
[EventCountry "GER"]
[EventRounds "7"]
[EventType "team-swiss"]
[EventDate "2024.12.26"]

1. b3 e5 2. Bb2 Nc6 3. c4 g6 4. Nc3 Bg7 5. g3 d6 6. Bg2 f5 7. d3 Nf6 8. e3 O-O
9. Nge2 Qe8 10. Nd5 Nxd5 11. cxd5 Nb8 12. O-O Bd7 13. Rc1 c5 14. Qd2 Na6 15. a3
b6 16. b4 Qf7 17. Bc3 Rac8 18. Qb2 g5 19. f4 gxf4 20. gxf4 Rce8 21. Rf3 Nc7 22.
Rg3 Nxd5 23. Bxd5 Qxd5 24. fxe5 dxe5 25. Nf4 Qd6 26. Nh5 Rf7 27. Kf2 Qh6 28.
Bxe5 Rxe5 29. Qxe5 Qxh5 30. Rcg1 Qxh2+ 31. R1g2 Qh6 32. Qb8+ Rf8 33. Rxg7+ Qxg7
34. Rxg7+ Kxg7 35. Qxa7 Rf7 36. Qxb6 cxb4 37. axb4 Rf6 38. Qc7 Rf7 39. Qe5+ Kg6
40. Kf3 h5 41. Qg3+ Kh6 42. Qg8 Rg7 43. Qh8+ Kg6 44. Kf4 Rh7 45. Qg8+ Rg7 46.
Qd8 Rh7 47. Qb6+ Kf7 48. Qc6 Be6 49. Ke5 Rh6 50. Qc7+ 1-0

[Event "DVM U20 2024"]
[Site "Breisach am Rhein GER"]
[Date "2024.12.27"]
[Round "1"]
[White "Tulchynsky, Mark"]
[Black "Kliffken, Julian"]
[Result "0-1"]
[Termination "normal"]
[Board "2.6"]
[WhiteElo "1714"]
[BlackElo "1767"]
[WhiteTeam "KSV Rochade Göttingen (Veltheim)"]
[BlackTeam "SG Porz"]
[PlyCount "86"]
[WhiteFideId "34617698"]
[BlackFideId "16298071"]
[EventCountry "GER"]
[EventRounds "7"]
[EventType "team-swiss"]
[EventDate "2024.12.26"]

1. e4 c6 2. d4 d5 3. Nc3 dxe4 4. Nxe4 Nf6 5. Nxf6+ exf6 6. c3 Bd6 7. Bd3 O-O 8.
Qc2 Re8+ 9. Ne2 h5 10. Be3 Nd7 11. O-O-O Nf8 12. h3 Qc7 13. Rhg1 Ne6 14. Rde1
g6 15. g4 h4 16. Rgf1 Kg7 17. Qd2 Ng5 18. Bxg5 fxg5 19. c4 b6 20. Kb1 Qd8 21.
Qc3 Qf6 22. f3 Bd7 23. Be4 Rab8 24. Rd1 Re7 25. Rfe1 a5 26. a3 a4 27. Qc2 c5
28. Nc3 Be6 29. dxc5 Bg3 30. Re2 Bxc4 31. Nd5 Bxd5 32. Rxd5 bxc5 33. Rxc5 Be5
34. Qc1 Re6 35. Rc8 Bxb2 36. Rxb2 Rxb2+ 37. Qxb2 Rb6 38. Rc2 Rxb2+ 39. Rxb2 Qc3
40. Ka2 Qc4+ 41. Kb1 Qf1+ 42. Kc2 Qxh3 43. Kd3 Qf1+ 0-1

[Event "DVM U20 2024"]
[Site "Breisach am Rhein GER"]
[Date "2024.12.27"]
[Round "1"]
[White "Nied, Pascal"]
[Black "Bethke, Richard"]
[Result "1/2-1/2"]
[Termination "normal"]
[Board "3.1"]
[BlackTitle "FM"]
[WhiteElo "2217"]
[BlackElo "2371"]
[WhiteTeam "SC Untergrombach 46"]
[BlackTeam "SF Neuberg"]
[PlyCount "98"]
[WhiteFideId "16260597"]
[BlackFideId "12959243"]
[EventCountry "GER"]
[EventRounds "7"]
[EventType "team-swiss"]
[EventDate "2024.12.26"]

1. e4 e5 2. Nf3 Nc6 3. Bb5 a6 4. Ba4 Bc5 5. c3 Nge7 6. d4 exd4 7. cxd4 Bb4+ 8.
Bd2 Bxd2+ 9. Qxd2 d5 10. exd5 Nxd5 11. Bxc6+ bxc6 12. O-O O-O 13. Nc3 Be6 14.
Rac1 Nxc3 15. Qxc3 Bxa2 16. Qxc6 Bd5 17. Qxc7 Bxf3 18. Qxd8 Rfxd8 19. gxf3 Rxd4
20. Rfd1 Rb4 21. Rc6 g6 22. Rdd6 a5 23. Rb6 Ra4 24. Rd3 Rc8 25. Rbd6 Kg7 26.
Rd8 Rcc4 27. b3 Ra1+ 28. Kg2 Rcc1 29. R8d7 Rg1+ 30. Kh3 Raf1 31. R3d4 g5 32.
Rd2 Rb1 33. R7d3 Rbe1 34. Rd4 Re6 35. Rd6 Kf6 36. R6d4 Rb1 37. R4d3 Rb6 38.
Rd6+ Rxd6 39. Rxd6+ Ke5 40. Ra6 Rxb3 41. Rxa5+ Kf4 42. Kg2 h5 43. Ra4+ Kf5 44.
Ra5+ Kg6 45. h3 Rb6 46. Ra8 Rf6 47. Rg8+ Kf5 48. Rh8 h4 49. Ra8 Kg6 1/2-1/2

[Event "DVM U20 2024"]
[Site "Breisach am Rhein GER"]
[Date "2024.12.27"]
[Round "1"]
[White "Baranyai-Molnar, Adam-Kristof"]
[Black "Hayen, Andre"]
[Result "1-0"]
[Termination "normal"]
[Board "3.2"]
[WhiteElo "2250"]
[BlackElo "2045"]
[WhiteTeam "SF Neuberg"]
[BlackTeam "SC Untergrombach 46"]
[PlyCount "48"]
[WhiteFideId "768022"]
[BlackFideId "16278984"]
[EventCountry "GER"]
[EventRounds "7"]
[EventType "team-swiss"]
[EventDate "2024.12.26"]

1. e4 c6 2. d4 d5 3. e5 c5 4. dxc5 e6 5. Qh5 Bxc5 6. Nf3 Nc6 7. Bd3 Nb4 8. Nc3
Ne7 9. O-O Nxd3 10. cxd3 Nf5 11. Ne2 Bd7 12. g4 Ne7 13. Be3 Bxe3 14. fxe3 Qb6
15. Ned4 Ng6 16. Ng5 Rf8 17. Nxh7 Rh8 18. Rxf7 Kxf7 19. Rf1+ Ke7 20. Qg5+ Ke8
21. Qxg6+ Kd8 22. Qxg7 Rxh7 23. Qxh7 Rc8 24. g5 Qxb2 1-0

[Event "DVM U20 2024"]
[Site "Breisach am Rhein GER"]
[Date "2024.12.27"]
[Round "1"]
[White "Doll, Rebecca"]
[Black "Eull, Emil"]
[Result "0-1"]
[Termination "normal"]
[Board "3.3"]
[WhiteElo "1987"]
[BlackElo "2145"]
[WhiteTeam "SC Untergrombach 46"]
[BlackTeam "SF Neuberg"]
[PlyCount "118"]
[WhiteFideId "16236890"]
[BlackFideId "16253809"]
[EventCountry "GER"]
[EventRounds "7"]
[EventType "team-swiss"]
[EventDate "2024.12.26"]

1. e4 e5 2. Nf3 Nc6 3. Bc4 Nf6 4. d3 Be7 5. O-O O-O 6. Bb3 d6 7. h3 Na5 8. Nbd2
Nxb3 9. axb3 c5 10. Nc4 h6 11. Bd2 Be6 12. Ne3 Qc7 13. c4 b5 14. g4 bxc4 15.
bxc4 Nh7 16. Kh1 Ng5 17. Nxg5 Bxg5 18. Ng2 Rab8 19. Bc3 Rb7 20. f4 Bxf4 21.
Nxf4 exf4 22. Qf3 g5 23. Bf6 Qd7 24. Rg1 Kh7 25. h4 Kg6 26. Bc3 f6 27. Ra6 Rb6
28. Ra3 Rh8 29. h5+ Kg7 30. Kh2 Rhb8 31. Ra2 R8b7 32. Kh3 Qf7 33. Kh2 Qd7 34.
Kh3 Qc6 35. Qe2 Ra6 36. Rga1 Rxa2 37. Rxa2 Kf7 38. Qd1 Rc7 39. Qf1 Ke7 40. Qd1
Qe8 41. Kg2 Qc8 42. Kh3 Qb7 43. Ra3 Rc6 44. Rb3 Rb6 45. Ra3 Bd7 46. Ra2 Ra6 47.
Ra3 Qc8 48. Qe2 Rxa3 49. bxa3 Qa6 50. Bb2 Qb7 51. Kh2 Qb3 52. Kg2 Kf7 53. Kf3
Be6 54. Kg2 Qa2 55. Qc2 Ke8 56. Kf3 Bd7 57. Qe2 Qb1 58. Bxf6 Qg1 59. Qf2 Bxg4#
0-1

[Event "DVM U20 2024"]
[Site "Breisach am Rhein GER"]
[Date "2024.12.27"]
[Round "1"]
[White "Nagel, Daniel"]
[Black "Toth, Marc"]
[Result "1-0"]
[Termination "normal"]
[Board "3.4"]
[WhiteElo "1985"]
[BlackElo "1793"]
[WhiteTeam "SF Neuberg"]
[BlackTeam "SC Untergrombach 46"]
[PlyCount "47"]
[WhiteFideId "34605126"]
[BlackFideId "16260210"]
[EventCountry "GER"]
[EventRounds "7"]
[EventType "team-swiss"]
[EventDate "2024.12.26"]

1. d4 d5 2. Nf3 Nf6 3. g3 e6 4. Bg2 Be7 5. O-O O-O 6. c4 Nbd7 7. Qc2 a5 8. Nbd2
b6 9. cxd5 exd5 10. Ne5 Nb8 11. Ndf3 Ba6 12. Bf4 c5 13. Rfd1 Qc8 14. Rac1 Rd8
15. Ng5 Nc6 16. Bh3 Qb7 17. Nexf7 Nxd4 18. Rxd4 cxd4 19. Be6 d3 20. Nxd8+ Kf8
21. Nxb7 dxc2 22. Nd6 h6 23. Ngf7 g5 24. Be5 1-0

[Event "DVM U20 2024"]
[Site "Breisach am Rhein GER"]
[Date "2024.12.27"]
[Round "1"]
[White "Jung, Niklas"]
[Black "Feick, Claas Marten"]
[Result "0-1"]
[Termination "normal"]
[Board "3.5"]
[WhiteElo "1722"]
[BlackElo "1840"]
[WhiteTeam "SC Untergrombach 46"]
[BlackTeam "SF Neuberg"]
[PlyCount "74"]
[WhiteFideId "16280601"]
[BlackFideId "34634169"]
[EventCountry "GER"]
[EventRounds "7"]
[EventType "team-swiss"]
[EventDate "2024.12.26"]

1. e4 c6 2. d4 d5 3. exd5 cxd5 4. Bd3 Nc6 5. c3 Qc7 6. Nf3 Nf6 7. Nbd2 Bg4 8.
O-O e6 9. h3 Bh5 10. Re1 Bd6 11. Nf1 Rb8 12. Ne3 O-O 13. a4 a6 14. Bd2 Ne4 15.
g4 Bg6 16. Qe2 f5 17. Bxe4 fxe4 18. Nh4 Ne7 19. Neg2 h6 20. Rf1 Bh7 21. f4 Ng6
22. Nxg6 Bxg6 23. Rf2 Be8 24. b3 b5 25. a5 b4 26. cxb4 Bb5 27. Qe3 Qe7 28. Rc1
Bxb4 29. Bxb4 Qxb4 30. Qc3 Bd7 31. Rb2 Rfc8 32. Qxb4 Rxb4 33. Rd1 Rc3 34. Rdb1
Rxh3 35. Kf2 Rf3+ 36. Ke2 Bb5+ 37. Kd1 Rxd4+ 0-1

[Event "DVM U20 2024"]
[Site "Breisach am Rhein GER"]
[Date "2024.12.27"]
[Round "1"]
[White "Pomrehn, Ole Magnus"]
[Black "Wettstein, Levin"]
[Result "1/2-1/2"]
[Termination "normal"]
[Board "3.6"]
[WhiteElo "1735"]
[BlackElo "1741"]
[WhiteTeam "SF Neuberg"]
[BlackTeam "SC Untergrombach 46"]
[PlyCount "84"]
[WhiteFideId "16232704"]
[BlackFideId "34635866"]
[EventCountry "GER"]
[EventRounds "7"]
[EventType "team-swiss"]
[EventDate "2024.12.26"]

1. e4 e5 2. Nf3 Nc6 3. d4 exd4 4. Bc4 Bb4+ 5. c3 dxc3 6. O-O Nge7 7. bxc3 Ba5
8. Ng5 Ne5 9. Nxf7 Nxf7 10. Bxf7+ Kxf7 11. Qh5+ Ng6 12. Qxa5 d6 13. Bg5 Qd7 14.
f4 h6 15. Bh4 Nxh4 16. Qh5+ Kg8 17. Qxh4 Kh7 18. Nd2 Rf8 19. Rf3 Qf7 20. f5 Bd7
21. Rg3 Rae8 22. Nf3 Kh8 23. Rg6 Bc6 24. Ng5 Qe7 25. Re1 Rf6 26. Nf3 Rxg6 27.
fxg6 Qxh4 28. Nxh4 Bxe4 29. Rf1 Bd5 30. Rf7 c5 31. Kf2 Kg8 32. Rd7 b6 33. Rxa7
Re4 34. g3 Re6 35. Rd7 Rf6+ 36. Ke3 Kf8 37. a3 b5 38. h3 Re6+ 39. Kf2 Rf6+ 40.
Ke3 Re6+ 41. Kf2 Rf6+ 42. Ke3 Re6+ 1/2-1/2

[Event "DVM U20 2024"]
[Site "Breisach am Rhein GER"]
[Date "2024.12.27"]
[Round "1"]
[White "Schuricht, Emil Frederick"]
[Black "Liebold, Aaron"]
[Result "1/2-1/2"]
[Termination "normal"]
[Board "4.1"]
[WhiteElo "2357"]
[BlackElo "2070"]
[WhiteTeam "Krefelder SK Turm 1851"]
[BlackTeam "ESV Gera"]
[PlyCount "74"]
[WhiteFideId "16270185"]
[BlackFideId "12997846"]
[EventCountry "GER"]
[EventRounds "7"]
[EventType "team-swiss"]
[EventDate "2024.12.26"]

1. c4 e5 2. Nc3 Bb4 3. Nd5 Bc5 4. e3 Nf6 5. b4 Be7 6. Bb2 d6 7. Nf3 O-O 8. Be2
a5 9. a3 Nxd5 10. cxd5 c6 11. dxc6 bxc6 12. O-O Qb6 13. Rb1 axb4 14. axb4 Na6
15. Bc3 Nc7 16. e4 f5 17. d3 Nb5 18. Qb3+ Kh8 19. Bb2 Bd7 20. Rfd1 h6 21. Bf1
Kh7 22. Rbc1 Rab8 23. Qc2 Nd4 24. Bxd4 exd4 25. Rb1 Bf6 26. Nd2 Rfc8 27. Be2 d5
28. Bf3 Qb5 29. Qb3 Be6 30. exd5 Bxd5 31. Bxd5 cxd5 32. Nf3 Rc3 33. Qa2 Rxd3
34. Qc2 Rxd1+ 35. Rxd1 d3 36. Rxd3 Qxb4 37. Rxd5 Qb1+ 1/2-1/2

[Event "DVM U20 2024"]
[Site "Breisach am Rhein GER"]
[Date "2024.12.27"]
[Round "1"]
[White "Helmsdorf, Marius"]
[Black "Panjer, Sidney"]
[Result "0-1"]
[Termination "normal"]
[Board "4.2"]
[WhiteElo "1967"]
[BlackElo "2193"]
[WhiteTeam "ESV Gera"]
[BlackTeam "Krefelder SK Turm 1851"]
[PlyCount "104"]
[WhiteFideId "16274873"]
[BlackFideId "16207041"]
[EventCountry "GER"]
[EventRounds "7"]
[EventType "team-swiss"]
[EventDate "2024.12.26"]

1. d4 d5 2. Nc3 Nf6 3. Bf4 e6 4. e3 Bb4 5. h4 c5 6. Ne2 cxd4 7. exd4 b6 8. a3
Bd6 9. Qd3 Ba6 10. Nb5 O-O 11. h5 Nc6 12. Bxd6 Bxb5 13. Qxb5 Qxd6 14. h6 g6 15.
f3 Rfc8 16. O-O-O Na5 17. Qd3 b5 18. Kb1 Nc4 19. Nc1 b4 20. a4 Qc6 21. Qb3 Na5
22. Bb5 Qxb5 23. axb5 Nxb3 24. cxb3 Rcb8 25. Nd3 Rxb5 26. Rc1 Ne8 27. Rc6 a5
28. Rhc1 Kf8 29. Ne5 Rb7 30. Rc8 Rxc8 31. Rxc8 f6 32. Nd3 Ra7 33. Nf4 Kf7 34.
Nxe6 Nd6 35. Nd8+ Ke8 36. Rb8 Kd7 37. Rb6 Nc8 38. Rxf6 Kxd8 39. Rf8+ Kd7 40.
Rf7+ Ke6 41. Rf8 Nd6 42. g4 Rf7 43. Ra8 Rxf3 44. Ra7 Rh3 45. Rxh7 Nf7 46. Rg7
Rxh6 47. g5 Nxg5 48. Ra7 Nf3 49. Rxa5 Nxd4 50. Ra6+ Ke5 51. Rb6 Ke4 52. Rxb4 g5
0-1

[Event "DVM U20 2024"]
[Site "Breisach am Rhein GER"]
[Date "2024.12.27"]
[Round "1"]
[White "Nezhyvenko, Mykhaylo"]
[Black "Barz, Henrik"]
[Result "1-0"]
[Termination "normal"]
[Board "4.3"]
[WhiteElo "2080"]
[BlackElo "1735"]
[WhiteTeam "Krefelder SK Turm 1851"]
[BlackTeam "ESV Gera"]
[PlyCount "112"]
[WhiteFideId "34139885"]
[BlackFideId "34628320"]
[EventCountry "GER"]
[EventRounds "7"]
[EventType "team-swiss"]
[EventDate "2024.12.26"]

1. e4 e6 2. d4 d5 3. Nc3 Nf6 4. e5 Nfd7 5. Nce2 c5 6. c3 Nc6 7. f4 Qb6 8. Nf3
f6 9. f5 cxd4 10. Nexd4 Ndxe5 11. Nxe5 Nxe5 12. Bb5+ Kf7 13. O-O exf5 14. a4
Bc5 15. Kh1 Bxd4 16. cxd4 Nc6 17. Be3 a6 18. Bd3 g6 19. Qf3 Ne7 20. a5 Qd6 21.
Bf4 Qb4 22. Rac1 Be6 23. Rc5 Qxd4 24. Rc7 Rhc8 25. Rxb7 Rc6 26. Bd2 Rac8 27.
Bc3 Rxc3 28. bxc3 Rxc3 29. Rd1 Qc5 30. Qe2 Qxa5 31. Bxa6 Rc7 32. Re1 Rc6 33.
Bb5 Rd6 34. Rc1 Rb6 35. Rxb6 Qxb6 36. Re1 Qd6 37. Qd2 f4 38. Qd4 Nf5 39. Qa7+
Qe7 40. Qb6 Ne3 41. Ra1 Bh3 42. Ra7 Bxg2+ 43. Kg1 Qxa7 44. Qxa7+ Ke6 45. Qd7+
Ke5 46. Qe7+ Kf5 47. Bd7+ Kg5 48. Qxh7 f3 49. h4+ Kf4 50. Qh6+ Ke4 51. Qxg6+
Kd4 52. h5 Kc3 53. h6 Kd2 54. h7 Ke2 55. Bb5+ Ke1 56. Qg3+ Kd1 1-0

[Event "DVM U20 2024"]
[Site "Breisach am Rhein GER"]
[Date "2024.12.27"]
[Round "1"]
[White "Schulter, Moritz"]
[Black "Jovanovic, Lucas"]
[Result "1/2-1/2"]
[Termination "normal"]
[Board "4.6"]
[WhiteElo "1762"]
[BlackElo "1793"]
[WhiteTeam "ESV Gera"]
[BlackTeam "Krefelder SK Turm 1851"]
[PlyCount "41"]
[WhiteFideId "16245067"]
[BlackFideId "34624406"]
[EventCountry "GER"]
[EventRounds "7"]
[EventType "team-swiss"]
[EventDate "2024.12.26"]

1. c4 e5 2. g3 h5 3. h4 Be7 4. Nc3 Nc6 5. Bg2 g5 6. hxg5 Bxg5 7. Nf3 d6 8. d4
Bxc1 9. Rxc1 exd4 10. Nxd4 Ne5 11. Nf3 Ng6 12. c5 dxc5 13. Qxd8+ Kxd8 14. Ng5
Be6 15. Bxb7 Rb8 16. Bd5 Ke7 17. Bxe6 fxe6 18. Na4 Nf6 19. b3 h4 20. gxh4 Nxh4
21. Kd2 1/2-1/2